00407nam a2200181Ia 4500003000400000005001700004008004100021020001400062040000700076041000800083082001700091100002100108245001700129260003600146300001800182365000800200650001700208OSt20230620102045.0210423s1998 xx 000 0 und d a697219003 cAL aeng a574.192 ZUBG aZUBAY (Geoffrey) aBiochemistry aNew DelhibWCB Publishersc1998 axxxii,213bPB cINR aBiochemistry